[Event "3rd IECC"]
[Site "Batumi GEO"]
[Date "2002.06.22"]
[Round "10"]
[White "Jakovenko,D"]
[Black "Gurevich,M"]
[Result "0-1"]
[WhiteElo "2557"]
[BlackElo "2641"]

1.e4 e6 2.d4 d5 3.Nc3 Nf6 4.Bg5 dxe4 5.Nxe4 Nbd7 6.Nf3 h6 7.Nxf6+ Nxf6 8.Bh4 c5
9.Bd3 cxd4 10.Nxd4 Bc5 11.Nb3 Be7 12.Qe2 Bd7 13.O-O-O Qb6 14.Nd2 O-O 15.Nc4 Qc5
16.Ne5 Bc6 17.Nxc6 bxc6 18.c3 Rfd8 19.Bc2 Nd5 20.Bxe7 Qxe7 21.g3 Nf6 22.Qc4 Qc7
23.Qc5 Nd5 24.Rd2 Qb6 25.Qxb6 axb6 26.Rhd1 b5 27.Bb3 Kf8 28.c4 bxc4 29.Bxc4 Rdb8
30.b3 Nc3 31.Re1 Nxa2+ 32.Kb2 Nb4 33.Ra1 Rxa1 34.Kxa1 Ra8+ 35.Kb2 Ra2+ 36.Kc3 Nd5+
37.Kd3 Rxd2+ 38.Kxd2 Ke7 39.Kd3 Kd6 40.Kd4 c5+ 41.Kd3 Nf6 42.h3 Nd7 43.Ke4 Ne5
44.Bf1 f5+ 45.Ke3 Nd7 46.Bg2 Nf6 47.Kd3 e5 48.Bb7 e4+ 49.Kc3 g6 50.Kc4 Nd7
51.Ba6 Nb6+ 52.Kc3 Nd5+ 53.Kd2 Ke5 54.h4 Kd4 55.Bb5 Nf6 56.Bc4 Ng4 57.Ke2 Ne5
58.Be6 Nd3 59.f4 e3 60.h5 gxh5 61.Bxf5 h4  0-1

[Event "3rd IECC"]
[Site "Batumi GEO"]
[Date "2002.06.23"]
[Round "11"]
[White "Asrian,K"]
[Black "Jakovenko,D"]
[Result "1-0"]
[WhiteElo "2591"]
[BlackElo "2557"]

1.e4 e5 2.Nf3 Nc6 3.Bb5 a6 4.Ba4 Nf6 5.O-O Be7 6.Re1 b5 7.Bb3 d6 8.c3 O-O
9.d3 Na5 10.Bc2 c5 11.Nbd2 Re8 12.Nf1 Bb7 13.a4 Qc7 14.Bg5 Nd7 15.Bxe7 Rxe7
16.Ne3 Ree8 17.Qd2 Nf8 18.d4 c4 19.Nf5 Rad8 20.axb5 axb5 21.Qg5 Ng6 22.N3h4 f6
23.Qg3 Nxh4 24.Qxh4 Nc6 25.Re3 Rf8 26.Rg3 Rd7 27.d5 Nb8 28.Bd1 Bc8 29.Bg4 Kh8
30.Rh3 g6 31.Qh6 Rdf7 32.Qxg6 Rg8 33.Qh5 Rg5 34.Qh4 h5 35.Rg3  1-0

[Event "KB Czech Open"]
[Site "Pardubice CZE"]
[Date "2002.07.21"]
[Round "3"]
[White "Jakovenko,D"]
[Black "Cvek,R"]
[Result "1/2-1/2"]
[WhiteElo "2552"]
[BlackElo "2430"]

1.e4 e5 2.Nf3 Nc6 3.Bb5 Nf6 4.O-O Nxe4 5.d4 Nd6 6.Bxc6 dxc6 7.dxe5 Nf5 8.Qxd8+ Kxd8
9.Nc3 Ke8 10.h3 h6 11.b3 Ne7 12.Ne2 Bd7 13.Bb2 Ng6 14.Rad1 a5 15.Bc3 c5 16.Rd2 Bc6
17.Nh2 a4 18.Ng4 axb3 19.axb3 Be7 20.f4 Rd8 21.Rxd8+ Bxd8 22.g3 Ne7 23.e6 f6
24.Ne3 Nd5 25.Bd2 b6 26.f5 Nxe3 27.Bxe3 Be4 28.c3 g6 29.fxg6 Bxg6 30.Nf4 Be4
31.Nh5 Bd5 32.Nxf6+ Bxf6 33.Rxf6 Ke7 34.Rxh6 Rxh6 35.Bxh6 Bxe6 36.g4 Bxb3
37.Kf2 Ke6 38.Ke3 b5 39.Bf8 Kd5 40.h4 Bc2 41.h5 b4 42.cxb4 cxb4 43.Bxb4 Ke6
44.Kf4 Kf7 45.Kg5 Bd1 46.Kf4  1/2-1/2

[Event "KB Czech Open"]
[Site "Pardubice CZE"]
[Date "2002.07.23"]
[Round "5"]
[White "Jakovenko,D"]
[Black "Vokac,M"]
[Result "1/2-1/2"]
[WhiteElo "2552"]
[BlackElo "2502"]

1.e4 c6 2.c4 d6 3.Nc3 e5 4.d4 Nd7 5.Nf3 Ngf6 6.Be2 Be7 7.O-O O-O 8.h3 Re8
9.Qc2 Bf8 10.d5 c5 11.a3 Nh5 12.Re1 g6 13.b4 Ng7 14.Bd3 Be7 15.Bh6 Rf8 16.Kh2 f6
17.g4 Rf7 18.Ne2 a6 19.Ng3 Rb8 20.Qe2 Bf8 21.Be3 Nb6 22.Nd2 Bd7 23.f4 exf4
24.Bxf4 cxb4 25.axb4 Be8 26.Nf3 Nd7 27.Qd2 Ne5 28.Nxe5 fxe5 29.Be3 Bd7 30.Rf1 Rxf1
31.Rxf1 Be7 32.c5 Qc7 33.Rc1 Rf8 34.Kg2 Qd8 35.Bg5 Rf7 36.c6 Bc8 37.Qe3 Ne8
38.Rf1 Rxf1 39.Nxf1 Qc7 40.Bc4 Bd8 41.Nd2 Qb6 42.Qxb6 Bxb6 43.Nb3 Bd8 44.Be3 Kf7
45.Na5 b5 46.Be2 g5 47.Nb7 Be7 48.Bb6 h6 49.Kg3 Bf6 50.Na5 Ke7 51.Nb3 Kf7
52.Kf2 Be7 53.Nd2 Nf6 54.Ba5 Ke8 55.Bc7 Kf7 56.Bf3 Ne8 57.Ba5 Nf6 58.Nb1 Nh7
59.Nc3 Ke8 60.Bc7 Nf6 61.Be2 Kf7 62.Kf3 Ne8 63.Ba5 Nf6 64.Nxb5 axb5 65.Bxb5 h5
66.Bf1 hxg4+ 67.hxg4 Ke8 68.b5 Bd8 69.c7 Bxc7 70.Bxc7 Ke7 71.b6 Bxg4+ 72.Ke3 Bc8
73.Be2 Nd7 74.Bh5 Nc5 75.Bg6 Nb7 76.Kf3 Bd7 77.Bh5 Nc5 78.Bb8 Ba4 79.Ke3 Bd7
80.Kf3 Ba4 81.Bg4 Bd1+ 82.Kg3 Bxg4 83.Kxg4 Kd7 84.Kf5 g4 85.b7 Nxb7 86.Kxg4 Nc5
87.Kf5 Ke7 88.Ba7 Nd7 89.Be3 Kf7 90.Bd2 Nf8 91.Bb4 Ke7 92.Kg5 Nd7 93.Kg6 Nc5
94.Kf5 Nd7  1/2-1/2

[Event "KB Czech Open"]
[Site "Pardubice CZE"]
[Date "2002.07.25"]
[Round "7"]
[White "Jakovenko,D"]
[Black "Arutunian,D"]
[Result "1/2-1/2"]
[WhiteElo "2552"]
[BlackElo "2420"]

1.e4 c5 2.Nf3 Nc6 3.d4 cxd4 4.Nxd4 Nf6 5.Nc3 d6 6.Bg5 e6 7.Qd2 a6 8.O-O-O Bd7
9.f3 Be7 10.h4 h5 11.Kb1 Qc7 12.f4 O-O-O 13.Nf3 Kb8 14.g3 Bc8 15.Qe2 Ng8
16.Bxe7 Ngxe7 17.Ng5 Rdf8 18.Bh3 Nd8 19.Rd3 f6 20.Nf3 Ndc6 21.Rhd1 Rd8 22.Qd2 d5
23.exd5 exd5 24.Bxc8 Qxc8 25.Nd4 Nxd4 26.Rxd4 Qg4 27.Qd3 Rd6 28.a3 Rhd8 29.Rb4  1/2-1/2

[Event "KB Czech Open"]
[Site "Pardubice CZE"]
[Date "2002.07.26"]
[Round "8"]
[White "Moroz,A"]
[Black "Jakovenko,D"]
[Result "0-1"]
[WhiteElo "2514"]
[BlackElo "2552"]

1.e4 c5 2.Nf3 d6 3.d4 cxd4 4.Nxd4 Nf6 5.Nc3 a6 6.a4 Nc6 7.Be2 e5 8.Nf3 h6
9.O-O Be7 10.Re1 O-O 11.h3 Be6 12.Bf1 Rc8 13.g3 Qa5 14.Bd2 Qc7 15.Be3 Rfd8
16.Nd5 Bxd5 17.exd5 Nb4 18.c4 a5 19.Nh4 Bf8 20.Nf5 Kh7 21.g4 Ng8 22.Ng3 Be7
23.Qd2 b6 24.Nf5 Rb8 25.Ra3 Re8 26.Rc3 Qd7 27.b3 Bf8 28.Bg2 g6 29.Be4 Qd8
30.Ng3 Na6 31.Bb1 Be7 32.Kg2 Bh4 33.Rf1 Rb7 34.f4 exf4 35.Bxf4 Rbe7 36.Re3 Nc5
37.Bc2 Nf6 38.Rfe1 Bxg3 39.Rxe7 Bxf4 40.Rxe8 Bxd2 41.Rxd8 Bxe1 42.Rxd6 Nfd7
43.Rc6 Kg7 44.Kf1 Bg3 45.Kg2 Bh4 46.Bd1 Kf8 47.d6 Ke8 48.Rc8+ Bd8 49.Ra8 Ne5
50.Ra7 Nc6 51.Ra8 Kd7 52.Bf3 Ne5 53.Bd5 Nxb3 54.Ra7+ Kxd6 55.Bxf7 Nc5 56.Be8 Bc7
57.Bb5 Ncd7 58.Kf2 Nc6 59.Ra8 Bb8 60.Ke3 Kc7 61.c5 bxc5 62.Bxc6 Kxc6 63.Rxa5 Nb6
64.Ke4 Bc7 65.Ra6 Kb7 66.Ra5 Nd7 67.Rb5+ Kc6 68.Rb1 Nf6+ 69.Kd3 Kd5 70.Rb7 Kc6
71.Ra7 Nd5 72.Ra8 c4+ 73.Kd4 c3 74.Kd3 Be5 75.Rc8+ Kb7 76.Rc4 Bg7 77.Re4 Kb6
78.Kc2 Kc5 79.Kb3 Bd4 80.Re8 Ne3 81.Rc8+ Kb6 82.Rxc3 Bxc3 83.Kxc3 g5 84.Kd4 Ng2
85.Ke4 Ka5 86.Ke5 Kxa4 87.Kf5 Kb4 88.Kg6 Nf4+ 89.Kxh6 Nxh3 90.Kg6 Kc4  0-1

[Event "ch-RUS"]
[Site "Krasnodar RUS"]
[Date "2002.08.27"]
[Round "1"]
[White "Jakovenko,D"]
[Black "Maiorov,O"]
[Result "0-1"]
[WhiteElo "2552"]
[BlackElo "2458"]

1.e4 e6 2.d4 d5 3.Nc3 Nf6 4.Bg5 Bb4 5.e5 h6 6.Bd2 Bxc3 7.bxc3 Ne4 8.Qg4 Kf8
9.Bd3 Nxd2 10.Kxd2 c5 11.Nf3 c4 12.Be2 b5 13.Rhb1 Bd7 14.Qf4 Qe7 15.a3 a5
16.h4 Ke8 17.g4 Ra7 18.h5 Rb7 19.g5 hxg5 20.Nxg5 Nc6 21.Rg1 Qf8 22.Qg3 Ne7
23.Nh3 Nf5 24.Qg2 Kd8 25.Bg4 Ne7 26.Ng5 Rb6 27.f4 f5 28.Be2 Be8 29.Rgb1 Rh6
30.a4 b4 31.cxb4 axb4 32.a5 Rb5 33.a6 Bc6 34.a7 Kd7 35.a8=Q Bxa8 36.Bxc4 Rb6
37.Be2 Qc8 38.Rb3 Ke8 39.Nh3 Rh7 40.Nf2 Bb7 41.Ra4 Rc6 42.Bb5 Kf8 43.Bxc6 Nxc6
44.c3 Ba6 45.cxb4 Bb5 46.Ra1 Nxd4 47.Rc3 Qb8 48.Rac1 Be8 49.Nd3 Rxh5 50.Ke1 Rh2
51.Qg3 Qb6 52.Kf1 Rh1+ 53.Kg2 Rh6 54.Qe3 Bh5 55.Rc8+ Kf7 56.R8c6 Bf3+ 57.Qxf3 Nxc6
58.Qf2 Rg6+ 59.Kf1 Qa6 60.Qc2 Rg3 61.Kf2 Rxd3 62.Qxc6 Rd2+ 63.Kg1 Rd1+ 64.Kf2 Qf1+  0-1

[Event "ch-RUS"]
[Site "Krasnodar RUS"]
[Date "2002.08.29"]
[Round "3"]
[White "Jakovenko,D"]
[Black "Cherniaev,A1"]
[Result "1-0"]
[WhiteElo "2552"]
[BlackElo "2509"]

1.e4 c5 2.Nf3 Nc6 3.Bb5 g6 4.Bxc6 dxc6 5.d3 Bg7 6.h3 b6 7.O-O Nh6 8.Nc3 O-O
9.Be3 f6 10.a3 a5 11.Nh2 e5 12.Qd2 Nf7 13.Rab1 a4 14.f4 exf4 15.Bxf4 Be6
16.Kh1 f5 17.Nf3 c4 18.exf5 Bxf5 19.d4 Be6 20.Rbe1 Qd7 21.Kh2 Rfe8 22.Qf2 b5
23.Ne5 Bxe5 24.dxe5 Bd5 25.Bg3 Re6 26.Qd2 Qb7 27.Rf2 Rae8 28.Rfe2 Qa8 29.Qf4 Qd8
30.Qd2 Qa8 31.Rd1 Rd8 32.Qf4 Rde8 33.Qd4 Rd8 34.Qc5 Qb7 35.Red2 Nxe5 36.Nxd5 Rxd5
37.Rxd5 cxd5 38.Rxd5 Nf7 39.Qxb5 Qxb5 40.Rxb5 Re2 41.c3 Nh6 42.Kg1 Nf5 43.Bf2 h5
44.Rb4 Nd6 45.Bc5 Ne4 46.Rxc4 Re1+ 47.Kh2 h4 48.Rxa4 Nxc5 49.Rxh4 Rb1 50.b4 Na4
51.c4 Rb3 52.Rd4 Rxa3 53.Rd8+ Kf7 54.Ra8 Ke6 55.b5 Kd6 56.b6 Kc6 57.c5 Ra2
58.Ra7 Nc3 59.Rc7+ Kd5 60.b7 Rb2 61.c6  1-0

[Event "ch-RUS"]
[Site "Krasnodar RUS"]
[Date "2002.08.31"]
[Round "5"]
[White "Jakovenko,D"]
[Black "Balashov,Y"]
[Result "1/2-1/2"]
[WhiteElo "2552"]
[BlackElo "2526"]

1.e4 e5 2.Nf3 Nc6 3.Bb5 a6 4.Ba4 Nf6 5.O-O Be7 6.Re1 b5 7.Bb3 d6 8.c3 O-O
9.h3 Na5 10.Bc2 c5 11.d4 Qc7 12.Nbd2 Be6 13.d5 Bd7 14.b3 Rfb8 15.Nf1 Nb7
16.a4 bxa4 17.bxa4 Na5 18.N3d2 g6 19.Ne3 c4 20.Qe2 Rc8 21.Kh2 Nh5 22.g3 Rab8
23.Ra2 Ng7 24.Ba3 Bg5 25.Bb4 f5 26.exf5 gxf5 27.g4 fxg4 28.Nxg4 Nb3 29.Ne4 Bf4+
30.Kh1 Rxb4 31.Ngf6+ Kh8 32.cxb4 Nd4 33.Qf1 Bf5 34.Qg2  1/2-1/2

[Event "ch-RUS"]
[Site "Krasnodar RUS"]
[Date "2002.09.01"]
[Round "6"]
[White "Grigoriants,S RUS"]
[Black "Jakovenko,D"]
[Result "1/2-1/2"]
[WhiteElo "2490"]
[BlackElo "2552"]

1.e4 c5 2.Nf3 e6 3.d4 cxd4 4.Nxd4 Nc6 5.Nb5 d6 6.c4 Nf6 7.N1c3 a6 8.Na3 Be7
9.Be2 O-O 10.O-O Qc7 11.Be3 b6 12.Rc1 Ne5 13.f3 Bb7 14.Qe1 Ned7 15.Qf2 Rac8
16.Rfd1 Bd8 17.Nab1 Qb8 18.Nd2 Be7 19.Nf1 Bc6 20.b4 Qa8 21.a4 Bb7 22.Bf4 Ne5
23.Bg5 Ned7 24.Bf4 Qb8 25.Be3 Kh8 26.Ng3 Rfe8 27.Kh1 Qa8 28.Bf1 h6 29.Qd2 Kh7
30.Qc2 Kg8 31.Qf2 Qb8 32.Bd4 Rf8 33.Rd2 Ba8 34.Rb2  1/2-1/2

[Event "ch-RUS"]
[Site "Krasnodar RUS"]
[Date "2002.09.04"]
[Round "9"]
[White "Jakovenko,D"]
[Black "Lugovoi,A"]
[Result "0-1"]
[WhiteElo "2552"]
[BlackElo "2516"]

1.e4 d6 2.d4 Nf6 3.Nc3 g6 4.f4 Bg7 5.Nf3 O-O 6.Bd3 Na6 7.O-O c5 8.d5 Rb8
9.Qe2 Nc7 10.a4 b6 11.Nb5 a6 12.Nxc7 Qxc7 13.c4 e6 14.dxe6 Bxe6 15.f5 Bd7
16.Qe1 Rbe8 17.Qh4 Bc6 18.Re1 Qb7 19.Bg5 Bxe4 20.Bxe4 Nxe4 21.f6 Bh8 22.Nd2 Nxg5
23.Qxg5 Re6 24.Rf1 h6 25.Qh4 Re2 26.Rf2 Rxf2 27.Kxf2 Re8 28.Ra3 Re6 29.Rf3 d5
30.b3 Qc6 31.Qxh6 Bxf6 32.Qf4 dxc4 33.Nxc4 Bd4+ 34.Kf1 Qe8 35.Qg3 Qe7 36.h4 b5
37.Na5 c4 38.h5 Be5 39.Qf2 Qd8 40.hxg6 fxg6 41.g3 Bc7  0-1

[Event "Aeroflot Open"]
[Site "Moscow RUS"]
[Date "2003.02.14"]
[Round "4"]
[White "Grischuk,A"]
[Black "Jakovenko,D"]
[Result "1/2-1/2"]
[WhiteElo "2712"]
[BlackElo "2561"]

1.e4 c5 2.Nf3 Nc6 3.d4 cxd4 4.Nxd4 Nf6 5.Nc3 e5 6.Ndb5 d6 7.Bg5 a6 8.Na3 b5
9.Bxf6 gxf6 10.Nd5 Bg7 11.Bd3 Ne7 12.Nxe7 Qxe7 13.O-O O-O 14.c4 f5 15.Qf3 bxc4
16.Nxc4 d5 17.exd5 e4 18.Qe3 Bb7 19.d6 Qf6 20.Bc2 f4 21.Qh3 Rac8 22.b3 Qg6
23.Rad1 Rc5 24.d7 Rh5 25.Qf3 exf3 26.Bxg6 hxg6 27.d8=Q fxg2 28.Rfe1 Rxd8
29.Rxd8+ Kh7 30.Re7 Bd5 31.Rc7 f3 32.Rxd5 Rxd5 33.Ne3 Rd2 34.Rxf7 Rxa2 35.Rxf3 a5
36.Kxg2 a4 37.bxa4 Rxa4 38.Rf7 Kg8 39.Rb7 Rf4 40.h3 Rf7 41.Rb4 Bc3 42.Re4 Kg7
43.Kg3 Ra7 44.Nd5 Bb2 45.Re6 Kf7 46.Rc6 Ra5 47.Ne3 Ra7 48.Nc4 Bd4 49.Nd6+ Kg7
50.Ne4 Re7 51.Ng5 Bf6 52.Nf3 Ra7 53.Kg2 Rd7 54.Nh2 Ra7 55.Ng4 Bd4 56.Rd6 Bb2
57.Kg3 Ra3+ 58.f3 Ra7 59.f4 Rf7 60.h4 Bc1 61.Rd4 Rf5 62.Rc4 Bd2 63.Nh2 g5
64.fxg5 Bxg5 65.hxg5 Rxg5+ 66.Kf4 Rg1 67.Kf5 Kf7 68.Rc7+ Ke8 69.Nf3 Rf1 70.Ke6 Kd8
71.Rd7+ Kc8 72.Ne5 Re1 73.Rh7 Kd8 74.Rh3 Re2 75.Rc3 Re1 76.Rc2 Re4 77.Rc5 Re1
78.Rc4 Re2 79.Rc3 Re1 80.Kd6 Rd1+ 81.Nd3 Rd2 82.Rb3 Ke8 83.Ke6 Re2+ 84.Kf6 Kd8
85.Nf4 Rf2 86.Ke5 Rf1 87.Rd3+ Ke8 88.Rd4 Re1+ 89.Kf5 Rf1 90.Kf6 Rf3 91.Ke6 Re3+
92.Kd6 Re1 93.Ne6 Kf7 94.Rf4+ Kg6 95.Ke7 Ra1 96.Rf6+ Kh5 97.Nc5 Re1+  1/2-1/2

[Event "St Petersburg vs. Moscow"]
[Site "St Petersburg RUS"]
[Date "2003.05.03"]
[Round "1"]
[White "Yevseev,D"]
[Black "Jakovenko,D"]
[Result "1/2-1/2"]
[WhiteElo "2580"]
[BlackElo "2562"]

1.d4 Nf6 2.c4 e6 3.g3 d5 4.Bg2 dxc4 5.Nf3 a6 6.O-O Nc6 7.e3 Bd7 8.Qe2 b5
9.Nc3 Nd5 10.Nxd5 exd5 11.e4 Bd6 12.exd5+ Ne7 13.b3 cxb3 14.axb3 O-O 15.Ne5 Bc8
16.Bb2 a5 17.Rfc1 a4 18.bxa4 bxa4 19.Nc4 Bb7 20.Nxd6 cxd6  1/2-1/2

[Event "St Petersburg vs. Moscow"]
[Site "St Petersburg RUS"]
[Date "2003.05.05"]
[Round "2"]
[White "Jakovenko,D"]
[Black "Yevseev,D"]
[Result "1-0"]
[WhiteElo "2562"]
[BlackElo "2580"]

1.e4 c6 2.d4 d5 3.Nc3 dxe4 4.Nxe4 Bf5 5.Ng3 Bg6 6.Nf3 e6 7.h4 h6 8.h5 Bh7
9.Bd3 Bxd3 10.Qxd3 Nf6 11.Bf4 Bd6 12.Ne5 Qc7 13.Ne4 Nxe4 14.Qxe4 Nd7 15.O-O-O O-O-O
16.Bg3 Nxe5 17.dxe5 Bc5 18.Qg4 Rhg8 19.Rxd8+ Qxd8 20.Rd1 Qg5+ 21.Qxg5 hxg5
22.Rh1 Rh8 23.Kd2 Bf8 24.Rh2 Kd7 25.f3 Bc5 26.Ke2 Ke7 27.c3 a5 28.Be1 f6
29.Bd2 Kf7 30.g4 a4 31.exf6 Kxf6 32.Be3 Bxe3 33.Kxe3 Rd8 34.h6 gxh6 35.Rxh6+ Ke5
36.Rg6 Rd1 37.Rxg5+ Kf6 38.Ra5 Rb1 39.Rxa4 Rxb2 40.Rf4+ Kg6 41.a4 b5 42.axb5 cxb5
43.Rb4 Rc2 44.Rb3 Rc1 45.f4 Rg1 46.Kf3 Rd1 47.Ke4 Rd5 48.Rb4 Rc5 49.Kd3 e5
50.Re4 exf4 51.Rxf4 Rd5+ 52.Kc2 Kg5 53.Re4 Kf6 54.Kb3 Rd3 55.Kb4 Rg3 56.Re1 Kf7
57.Re5 Kf6 58.Rxb5 Rxg4+ 59.Kc5 Ke7 60.Kc6 Rc4+ 61.Rc5 Ra4 62.Rb5 Rc4+ 63.Rc5 Ra4  1-0

[Event "TCh-RUS"]
[Site "Togliatti RUS"]
[Date "2003.05.16"]
[Round "1"]
[White "Grischuk,A"]
[Black "Jakovenko,D"]
[Result "1-0"]
[WhiteElo "2701"]
[BlackElo "2562"]

1.d4 Nf6 2.c4 e6 3.g3 d5 4.Bg2 dxc4 5.Nf3 a6 6.O-O Nc6 7.e3 Bd7 8.Nc3 Nd5
9.Nd2 Nxc3 10.bxc3 b5 11.Qg4 e5 12.Qh5 Bd6 13.a4 Rb8 14.axb5 axb5 15.Ra6 Rb6
16.Rxb6 cxb6 17.Ne4 Qe7 18.f4 exf4 19.exf4 O-O 20.Qd5 Bb8 21.f5 Rc8 22.f6 Qe6
23.fxg7 Qxd5 24.Nf6+ Kxg7 25.Bxd5 Ne7 26.Nh5+ Kh8 27.Bxf7 h6 28.Ba3 Ng8 29.Bg6 Be6
30.Rf8  1-0

[Event "TCh-RUS"]
[Site "Togliatti RUS"]
[Date "2003.05.17"]
[Round "2"]
[White "Jakovenko,D"]
[Black "Shomoev,A"]
[Result "1-0"]
[WhiteElo "2562"]
[BlackElo "2558"]

1.e4 e5 2.Nf3 Nc6 3.Bb5 a6 4.Ba4 Nf6 5.O-O Be7 6.Re1 b5 7.Bb3 O-O 8.h3 Bb7
9.d3 d6 10.a3 Nb8 11.Nbd2 Nbd7 12.Nf1 Re8 13.Ne3 Nc5 14.Ba2 Ne6 15.Nf5 Bf8
16.Ng5 Bc8 17.f4 exf4 18.Bxf4 d5 19.Qf3 Nxf4 20.Qxf4 c6 21.e5 Qc7 22.Ng3 h6
23.Nf3 Be6 24.d4 Nd7 25.c3 f6 26.Kh1 fxe5 27.dxe5 Bc5 28.Nh5 Re7 29.Qg3 Bf5
30.Nd4 Rf8 31.Rf1 Bxd4 32.cxd4 Be6 33.Nf4 Bf5 34.Rac1 Nb6 35.Bxd5+ Kh7 36.Rxc6 Qd8
37.Rd6 Rd7 38.Ng6 Rxd6  1-0

[Event "TCh-RUS"]
[Site "Togliatti RUS"]
[Date "2003.05.18"]
[Round "3"]
[White "Loginov,Va"]
[Black "Jakovenko,D"]
[Result "0-1"]
[WhiteElo "2540"]
[BlackElo "2562"]

1.Nf3 c5 2.g3 Nc6 3.d4 cxd4 4.Nxd4 g6 5.Bg2 Bg7 6.Nb3 d6 7.O-O Be6 8.e4 Nf6
9.Nc3 O-O 10.Nd5 Rc8 11.Bg5 Nd7 12.c3 Re8 13.Qe2 b6 14.Rad1 Nc5 15.Nd4 Bd7
16.Nxc6 Bxc6 17.Rfe1 h6 18.Bf4 Nd7 19.Bh3 Bb7 20.Qb5 e6 21.Nb4 Ne5 22.Bxe5 Bxe5
23.f4 Bg7 24.e5 Bf8 25.Bg2 Bxg2 26.Kxg2 Rc5 27.Qe2 Qa8+ 28.Qf3 Qxf3+ 29.Kxf3 d5
30.Nc2 b5 31.Nd4 a5 32.a3 b4 33.Nb3 Rc7 34.cxb4 axb4 35.a4 Ra8 36.a5 Rc2
37.Re2 Rc4 38.Ke3 g5 39.fxg5 hxg5 40.Kd3 Bg7 41.Rf1 Ra7 42.Nd2 Rc8 43.Nb3 Rc4
44.Nd2 Rc8 45.Nb3 Kh7 46.Ra1 Kg6 47.Ra4 Bf8 48.Nd4 Ra6 49.Rc2 Rxc2 50.Kxc2 Bc5
51.Kd3 f6 52.Nb3 Bg1 53.exf6 Kxf6 54.Ke2 e5 55.Rxb4 e4 56.Rb5 Ke5 57.Nc5 Rh6
58.h3 Rxh3 59.a6 Rh2+ 60.Kf1 Bxc5 61.Rxc5 Rh1+ 62.Ke2 Ra1 63.Rc6 Ra2 64.Rb6 Kd4
65.Kd1 Kc5 66.Rg6 Rxb2 67.a7 Ra2 68.Rg7 Kc4 69.Ke1 d4 70.Rb7 g4 71.Kf1 e3
72.Re7 Kd3 73.Rd7 Ra1+ 74.Kg2 e2  0-1

[Event "TCh-RUS"]
[Site "Togliatti RUS"]
[Date "2003.05.25"]
[Round "10"]
[White "Svidler,P"]
[Black "Jakovenko,D"]
[Result "1/2-1/2"]
[WhiteElo "2713"]
[BlackElo "2562"]

1.e4 c5 2.Nf3 Nc6 3.d4 cxd4 4.Nxd4 Nf6 5.Nc3 e5 6.Ndb5 d6 7.Bg5 a6 8.Na3 b5
9.Bxf6 gxf6 10.Nd5 Bg7 11.Bd3 Ne7 12.Nxe7 Qxe7 13.O-O O-O 14.c4 f5 15.Qf3 bxc4
16.Nxc4 d5 17.exd5 e4 18.Qe3 Bb7 19.d6 Qf6 20.Bc2 Rac8 21.b3 Bd5 22.Rad1 Bxc4
23.bxc4 Rxc4 24.Bb3 Rc3 25.Qa7 Rd8 26.Rd5 Bf8 27.d7 Qc6 28.Qd4 Rd3 29.Qc4 Qxc4
30.Bxc4 Rxd5 31.Bxd5 Rxd7 32.Rd1 Bc5 33.Bb3 Bd4 34.g3 Kg7 35.Kf1 a5 36.Ke2 Kf6
37.f4 Rd6 38.Rd2 h5 39.h4 Bc5  1/2-1/2

[Event "56th ch-RUS"]
[Site "Krasnoyarsk RUS"]
[Date "2003.09.03"]
[Round "1"]
[White "Jakovenko,D"]
[Black "Evdokimov,Alexa"]
[Result "1-0"]
[WhiteElo "2564"]
[BlackElo "2432"]

1.e4 c5 2.Nf3 Nc6 3.d4 cxd4 4.Nxd4 g6 5.Nc3 Bg7 6.Be3 Nf6 7.Bc4 O-O 8.Bb3 d6
9.f3 Na5 10.Qd2 a6 11.O-O-O Nxb3+ 12.cxb3 b5 13.Kb1 Bd7 14.h4 b4 15.Nce2 a5
16.h5 a4 17.hxg6 axb3 18.gxh7+ Kh8 19.Nxb3 Be6 20.Ned4 Qd7 21.Nxe6 Qxe6 22.Bh6 Bxh6
23.Qxh6 Rfb8 24.Qe3 Ra6 25.g4 Rba8 26.g5 Nd7 27.Rh6 Qe5 28.f4 Qg7 29.Qd4 e5
30.fxe5 Nxe5 31.Rxd6 Rxd6 32.Qxd6 Qxg5 33.Qxb4 Qg4 34.Qd4 f6 35.Rg1 Qe6 36.Rg8+ Rxg8
37.Nc5  1-0

[Event "56th ch-RUS"]
[Site "Krasnoyarsk RUS"]
[Date "2003.09.06"]
[Round "4"]
[White "Jakovenko,D"]
[Black "Najer,E"]
[Result "1-0"]
[WhiteElo "2564"]
[BlackElo "2608"]

1.e4 c5 2.Nf3 d6 3.d4 cxd4 4.Nxd4 Nf6 5.Nc3 a6 6.Be2 e5 7.Nb3 Be7 8.O-O O-O
9.Kh1 b5 10.a4 b4 11.Nd5 Bb7 12.Nxe7+ Qxe7 13.f3 d5 14.exd5 Bxd5 15.Bg5 Rd8
16.Qe1 Nc6 17.Qf2 h6 18.Be3 Bxb3 19.cxb3 Nd4 20.Bc4 Nd5 21.Rae1 Nxe3 22.Rxe3 Rd6
23.Re4 Nc6 24.f4 Rd4 25.Qe1 Ra7 26.h3 Qc5 27.Qe3 Qd6 28.fxe5 Rxe4 29.Qxa7  1-0

[Event "56th ch-RUS"]
[Site "Krasnoyarsk RUS"]
[Date "2003.09.08"]
[Round "5"]
[White "Svidler,P"]
[Black "Jakovenko,D"]
[Result "1/2-1/2"]
[WhiteElo "2723"]
[BlackElo "2564"]

1.e4 e5 2.Nf3 Nc6 3.Bb5 a6 4.Ba4 Nf6 5.O-O Be7 6.Re1 b5 7.Bb3 d6 8.c3 O-O
9.h3 Re8 10.d4 Bb7 11.Nbd2 Bf8 12.a3 g6 13.Ba2 Bg7 14.d5 Ne7 15.Nf1 Qd7 16.Ng3 c6
17.dxc6 Bxc6 18.Bg5 h6 19.Bxf6 Bxf6 20.Nh2 Bg5 21.Nf3 Bf6 22.Re3 Kg7 23.Rd3 Rad8
24.Qd2 Nc8 25.Rd1 Qb7 26.Qe2 Re7 27.h4 Qc7 28.h5 Nb6 29.Qd2 Nc4 30.Bxc4 bxc4
31.Rxd6 Rxd6 32.Qxd6 Qb7 33.hxg6 fxg6 34.Re1 h5 35.Qb4 h4 36.Nf1 Bxe4 37.Qxb7 Bxb7
38.N3d2 g5 39.Nxc4 Kg6 40.Nfe3 e4 41.Rd1 Re6 42.Na5 Bc8 43.b4 Kh5 44.c4 g4
45.c5 Bg5 46.Nac4 g3 47.fxg3 hxg3 48.Nf5 Kg4 49.Nce3+ Bxe3+ 50.Nxe3+ Kf4
51.Nd5+ Ke5 52.Nc3 e3 53.Rd8 Bb7 54.Ne2 Bc6 55.Rd3 Ke4 56.Rd4+ Ke5 57.Rd3 Ke4
58.Rd4+ Ke5 59.Rg4 Bb5 60.Rxg3 Bxe2 61.Rxe3+ Kd5 62.Rxe6 Kxe6 63.Kf2 Bd1
64.Ke3 Ke5 65.g3 Bg4  1/2-1/2

[Event "56th ch-RUS"]
[Site "Krasnoyarsk RUS"]
[Date "2003.09.09"]
[Round "6"]
[White "Khalifman,A"]
[Black "Jakovenko,D"]
[Result "1/2-1/2"]
[WhiteElo "2678"]
[BlackElo "2564"]

1.d4 d5 2.c4 c6 3.Nf3 Nf6 4.Nc3 a6 5.Bg5 Ne4 6.h4 Nxc3 7.bxc3 dxc4 8.g3 b5
9.Bg2 Bb7 10.O-O h6 11.Bf4 e6 12.Ne5 Be7 13.Qb1 O-O 14.Nxc4 Ra7 15.Ne5 c5
16.Bxb7 Rxb7 17.Qe4 Qd5 18.Qxd5 exd5 19.dxc5 Rc8 20.Nd3 Bxc5 21.a4 Be7 22.axb5 axb5
23.Ra8 g5 24.hxg5 hxg5 25.Be5 f6 26.Bd4 Kf7 27.Rb1  1/2-1/2

[Event "Aeroflot Open"]
[Site "Moscow RUS"]
[Date "2004.02.21"]
[Round "5"]
[White "Sakaev,K"]
[Black "Jakovenko,D"]
[Result "1/2-1/2"]
[WhiteElo "2656"]
[BlackElo "2581"]

1.d4 d5 2.c4 c6 3.Nf3 Nf6 4.Nc3 a6 5.c5 Nbd7 6.Bf4 Nh5 7.e3 b6 8.b4 Nxf4
9.exf4 Qc7 10.g3 g6 11.Rc1 Bg7 12.Be2 O-O 13.O-O a5 14.cxb6 Nxb6 15.b5 Bh3
16.Re1 Rfc8 17.Na4 Bd7 18.bxc6 Nxa4 19.Bb5 Bg4 20.Bxa4 Rab8 21.a3 Rb2 22.Re3 Qa7
23.Rb3 Rxb3 24.Qxb3 Bxf3 25.Qxf3 e6 26.Qb3 Bxd4 27.Rc2 Qb6 28.Qxb6 Bxb6 29.Rb2 Bc7
30.Rb7 Kf8 31.Kf1 Ke7 32.Ke2  1/2-1/2

[Event "Aeroflot Open"]
[Site "Moscow RUS"]
[Date "2004.02.24"]
[Round "8"]
[White "Jakovenko,D"]
[Black "Khenkin,I"]
[Result "0-1"]
[WhiteElo "2581"]
[BlackElo "2611"]

1.e4 c6 2.d4 d5 3.Nc3 dxe4 4.Nxe4 Bf5 5.Ng3 Bg6 6.h4 h6 7.Nf3 Nd7 8.h5 Bh7
9.Bd3 Bxd3 10.Qxd3 e6 11.Bf4 Qa5+ 12.Bd2 Bb4 13.Ne4 Ngf6 14.Nd6+ Ke7 15.Nc4 Bxd2+
16.Nfxd2 Qc7 17.O-O-O Rhd8 18.Qa3+ c5 19.Nb3 b6 20.dxc5 Nxc5 21.Nxc5 bxc5
22.g3 Rab8 23.Qf3 Rd5 24.Qe2 Kf8 25.f4 Qb7 26.b3 Rbd8 27.g4 Rd4 28.Ne5 Qb4
29.Kb2 Nd5 30.Qf3 Rxf4 31.Qg3 c4 32.c3 Rf2+ 33.Qxf2 Qxc3+ 34.Kb1 Qxe5 35.Rde1 Nc3+
36.Kc2 Qa5 37.Ra1 Ne4  0-1

[Event "57th ch-RUS Qualifier"]
[Site "Tomsk RUS"]
[Date "2004.05.24"]
[Round "2"]
[White "Novikov,Ma"]
[Black "Jakovenko,D"]
[Result "0-1"]
[WhiteElo "2426"]
[BlackElo "2582"]

1.e4 c5 2.Nf3 e6 3.c4 Nc6 4.Nc3 e5 5.Be2 d6 6.d3 Be7 7.Nd5 f5 8.Bd2 Nf6 9.Bc3 O-O
10.Nd2 Be6 11.Bf3 f4 12.Rb1 Qd7 13.h3 Bd8 14.a3 a6 15.b4 cxb4 16.axb4 b5
17.Qb3 Kh8 18.Qb2 Rb8 19.Qa1 Qc8 20.Ke2 Ra8 21.Qb2 Qb8 22.Rhc1 Bb6 23.Nb3 bxc4
24.dxc4 Bxd5 25.exd5 e4 26.Bg4 Ne5 27.Bxe5 dxe5 28.Be6 f3+ 29.gxf3 exf3+
30.Kf1 Qe8 31.c5 Qg6 32.Qxe5 Ne4 33.Bg4 Rae8 34.Qh5 Ng3+ 35.fxg3 Qd3+ 36.Kg1 Qe2
37.Bxf3 Rxf3 38.Qxe8+  0-1

[Event "57th ch-RUS Qualifier"]
[Site "Tomsk RUS"]
[Date "2004.05.28"]
[Round "6"]
[White "Jakovenko,D"]
[Black "Filippov,Va"]
[Result "1-0"]
[WhiteElo "2582"]
[BlackElo "2639"]

1.e4 c5 2.Nf3 Nc6 3.Bb5 g6 4.Bxc6 dxc6 5.d3 Bg7 6.Nc3 Bg4 7.h3 Bxf3 8.Qxf3 Nf6
9.Qe2 e5 10.Be3 Nd7 11.O-O Qe7 12.a3 O-O 13.Kh1 b6 14.Qd2 Rad8 15.Rae1 Rfe8
16.f4 exf4 17.Bxf4 Be5 18.Qf2 Bxf4 19.Qxf4 Ne5 20.b3 Kg7 21.a4 Rd6 22.Nd1 Rf6
23.Qxf6+ Qxf6 24.Rxf6 Kxf6 25.Kg1 h5 26.Kf2 h4 27.Ne3 Kg5 28.Nc4 Kf4 29.Nxe5 Kxe5
30.Ke3 f5 31.Rf1 Rh8 32.Rf4 Rh5 33.exf5 gxf5 34.Rc4 a5 35.Kf3 Kd5 36.Rf4 b5
37.g3 hxg3 38.h4 Ke5 39.Kxg3 Rh8 40.Rf2 Rg8+ 41.Kf3 bxa4 42.bxa4 Rg4 43.Re2+ Kf6
44.Re4 Rg1 45.Rc4 Rf1+ 46.Ke3 Re1+ 47.Kf4 Re5 48.h5 Rd5 49.d4 cxd4 50.Rxc6+ Kg7
51.Kg5 d3 52.Rc7+ Kh8 53.cxd3 Rxd3 54.Rc4 Kh7 55.Rc7+ Kh8 56.Rc5 f4 57.Rxa5 Rd4
58.Ra8+ Kh7 59.Ra7+ Kh8 60.Kg4 Rd5 61.Rf7 Ra5 62.Rxf4 Kg7 63.Kf3 Rxh5 64.Ke4 Ra5
65.Kd3 Kg6 66.Kc3 Kg5 67.Rd4 Kf6 68.Kb4 Ra8 69.Re4 Kf5 70.Re3 Rb8+ 71.Kc5 Ra8
72.Kb5 Rb8+ 73.Kc6 Ra8 74.Ra3 Ke6 75.a5 Rc8+ 76.Kb7 Rc1 77.a6 Rb1+ 78.Kc7 Rc1+
79.Kb6  1-0

[Event "57th ch-RUS Qualifier"]
[Site "Tomsk RUS"]
[Date "2004.05.30"]
[Round "8"]
[White "Inarkiev,E"]
[Black "Jakovenko,D"]
[Result "1-0"]
[WhiteElo "2595"]
[BlackElo "2582"]

1.e4 e5 2.Nf3 Nc6 3.Bb5 a6 4.Ba4 Nf6 5.Nc3 Be7 6.d3 d6 7.Bxc6+ bxc6 8.d4 exd4
9.Qxd4 O-O 10.Bf4 Be6 11.O-O-O Qc8 12.Rhe1 Qb7 13.Kb1 a5 14.Bc1 Nd7 15.Qe3 Bf6
16.Nd4 Ne5 17.b3 a4 18.Nxe6 fxe6 19.Qh3 Kh8 20.f4 Nc4 21.e5 dxe5 22.Qxe6 axb3
23.cxb3 Nd6 24.fxe5 Rae8 25.exf6 Rxe6 26.fxg7+ Kxg7 27.Rxe6 Rf2 28.Ne4 Rxg2
29.Re7+ Kf8 30.Nxd6 Qa6 31.Re8+ Kg7 32.Bb2+ Rxb2+ 33.Kxb2 cxd6 34.Rxd6 Qb5
35.Rd2 Qg5 36.Rd7+ Kf6 37.Re2 c5 38.Rd3 Qf4 39.Rc3 Qd4 40.Rc2 Ke6 41.a3 c4
42.b4  1-0